ARRUPE JESUIT UNIVERSITY

CORONAVIRUS -STOP THE SPREAD - CLEAN,DISINFECT,COVER

Constants in context : (Record no. 118403)

MARC details
000 -LEADER
fixed length control field 02319cam a22003614a 4500
001 - CONTROL NUMBER
control field 4816183
003 - CONTROL NUMBER IDENTIFIER
control field ARRUPE
005 - DATE AND TIME OF LATEST TRANSACTION
control field 20131023124644.0
008 - FIXED-LENGTH DATA ELEMENTS--GENERAL INFORMATION
fixed length control field 040607s2004 nyub b 001 0 eng
010 ## - LIBRARY OF CONGRESS CONTROL NUMBER
LC control number 2003022781
020 ## - INTERNATIONAL STANDARD BOOK NUMBER
International Standard Book Number 1570755175 (pbk.)
024 ## - OTHER STANDARD IDENTIFIER
Standard number or code R0-440508
035 ## - SYSTEM CONTROL NUMBER
System control number (OCoLC)53315506
035 ## - SYSTEM CONTROL NUMBER
System control number (OCoLC)ocm53315506
035 ## - SYSTEM CONTROL NUMBER
System control number (DLC) 2003022781
035 ## - SYSTEM CONTROL NUMBER
System control number (NNC)4816183
040 ## - CATALOGING SOURCE
Original cataloging agency DLC
Transcribing agency DLC
Modifying agency DLC
-- OrLoB-B
042 ## - AUTHENTICATION CODE
Authentication code pcc
050 00 - LIBRARY OF CONGRESS CALL NUMBER
Classification number BV2061.3
Item number .B48 2004
300 ## - PHYSICAL DESCRIPTION
Other physical details maps ;
Dimensions 24 cm.
100 1# - MAIN ENTRY--PERSONAL NAME
Personal name Bevans, Stephen B.,
Dates associated with a name 1944-
9 (RLIN) 2758
245 10 - TITLE STATEMENT
Title Constants in context :
Remainder of title a theology of mission for today /
Statement of responsibility, etc Stephen B. Bevans, Roger P. Schroeder.
260 ## - PUBLICATION, DISTRIBUTION, ETC. (IMPRINT)
Place of publication, distribution, etc Maryknoll, N.Y. :
Name of publisher, distributor, etc Orbis Books,
Date of publication, distribution, etc c2004.
300 ## - PHYSICAL DESCRIPTION
Extent xxii, 488 p. :
490 1# - SERIES STATEMENT
Series statement American Society of Missiology series ;
Volume number/sequential designation no. 30
504 ## - BIBLIOGRAPHY, ETC. NOTE
Bibliography, etc Includes bibliographical references (p. 399-466) and index.
505 00 - FORMATTED CONTENTS NOTE
Title Foreword /
Statement of responsibility Justo L. Gonzalez --
Miscellaneous information 1.
Title "Missionary by its very nature" : context and the church's mission --
Miscellaneous information 2.
Title "You are witnesses of these things" : constants in the church's mission --
Miscellaneous information 3.
Title Mission in the early church (100-301) : individual Christians in a variety of situations --
Miscellaneous information 4.
Title Mission and the monastic movement (313-907) : from Constantine to the decline of the T'ang dynasty --
Miscellaneous information 5.
Title Mission and the mendicant movement (1000-1453) : crusades, preachers, nuns and Mongolian Christianity --
Miscellaneous information 6.
Title Mission in the age of discovery (1492-1773) : conquistadors, prophets and gurus --
Miscellaneous information 7.
Title Mission in the age of progress (1792-1914) : civilizers, evangelizers and volunteer societies --
Miscellaneous information 8.
Title Mission in the twentieth century (1919-1991) : the emergence of world Christianity --
Miscellaneous information 9.
Title Mission as participation in the mission of the Triune God : (Missio dei) --
Miscellaneous information 10.
Title Mission as liberating service of the reign of God --
Miscellaneous information 11.
Title Mission as proclamation of Jesus Christ as universal savior --
Miscellaneous information 12.
Title Mission as prophetic dialogue --
-- Concluding reflections : on being constant in today's context.
650 #0 - SUBJECT ADDED ENTRY--TOPICAL TERM
Topical term or geographic name as entry element Missions.
9 (RLIN) 2759
700 1# - ADDED ENTRY--PERSONAL NAME
Personal name Schroeder, Roger,
Dates associated with a name 1951-
9 (RLIN) 2760
830 #0 - SERIES ADDED ENTRY--UNIFORM TITLE
Uniform title American Society of Missiology series ;
Volume number/sequential designation no. 30.
9 (RLIN) 2761
856 41 - ELECTRONIC LOCATION AND ACCESS
Materials specified Table of contents
Uniform Resource Identifier <a href="http://www.loc.gov/catdir/toc/ecip0410/2003022781.html">http://www.loc.gov/catdir/toc/ecip0410/2003022781.html</a>
900 ## - EQUIVALENCE OR CROSS-REFERENCE-PERSONAL NAME [LOCAL, CANADA]
Numeration TOC
942 ## - ADDED ENTRY ELEMENTS (KOHA)
Source of classification or shelving scheme Library of Congress Classification
Koha item type Monograph ( Printed materials)
Holdings
Withdrawn status Lost status Source of classification or shelving scheme Damaged status Not for loan Collection code Home library Current library Shelving location Date acquired Total Checkouts Full call number Barcode Date last seen Price effective from Koha item type
    Library of Congress Classification     Main Collection ARRUPE LIBRARY ARRUPE LIBRARY Main Collection 23/10/2013   BV2061.3 .B48 2004 46410745 24/01/2017 23/10/2013 Monograph ( Printed materials)

 

Arrupe Library. PO Box MP320 Mt Pleasant, Harare, Zimbabwe
263 242 745411|librarian@aju.ac.zw